01620nam a2200229 i 4500001001000000003000900010005001700019007000300036008004100039040003000080082002700110100002500137245005700162250001700219264005000236300004300286336002700329337003300356338002800389505094700417650002601364000030472DO-SdBNP20240731114020.0ta090930s1980 dr a 000 | spa d aDO-SdBNPbspacBNPHUerda a338.5222bC334p, 19801 aCasado, Lucioeautor10aPrincipios de economía política /cLucio Casado. a6a edición aSanto Domingo :bColegial Quisqueyana,c1980. a228 paginas :bilustraciones ;c23 cm. 2rdacontentatextobtxt 2rdamediaasin mediaciónbn 2rdacarrieravolumenbnc aLa actividad económica 15 -- Las necesidades económicas 21 -- Los bienes económicos 27 -- La utilidad de los bienes 31 -- Coste-valor-precio 37 -- Leyes fundamentales de la economía 43 -- La producción 53 -- Los factores de la producción 59 -- Aspectos generales del campo en R.D. 65 -- El trabajo humano 71 -- El capital 77 -- Los sujetos económicos-la empresa 83 -- La concentración de empresas 95 -- La economía doméstica 99 -- El Estado y la vida económica 107 -- Los planes económicos 117 -- Consumo internacional 123 -- La balanza de pagos 131 -- La circulación económica 137 -- Patrimonio, renta, producto nacional 143 -- Ahorro e inversión 153 -- Ingreso, beneficio, costo 161 -- Los mercados y la formación de los precios 165 - El dinero 175 -- La inflación 183 -- El crédito 189 -- Los bancos 197 -- El salario 205 -- Desarrollo y subdesarrollo económico 211 -- Los principales económicos 217 0aEconomía política